| 000 | 00632nam a22001937a 4500 | ||
|---|---|---|---|
| 999 |
_c525455 _d525455 |
||
| 003 | NUST | ||
| 005 | 20190702070803.0 | ||
| 008 | 190702b ||||| |||| 00| 0 eng d | ||
| 038 | _aMr. Zahoor | ||
| 082 | _a628 | ||
| 100 |
_aAdnan, Muhammad _916338 |
||
| 245 |
_aPerformance Evalation of Fertilize Drawn Forward Osmosis Membrane Bioreactor Treating Domestic Wastewater / _cMuhammad Adnan |
||
| 260 |
_aIslamabad : _bSCEE - NUST _c2019. |
||
| 300 |
_axiii, 63 p. : ill. ; _c30cm. |
||
| 500 | _aHardcover. | ||
| 650 |
_aEnvironmental Engineering - MS Thesis _916339 |
||
| 700 |
_aDr. Sher jamal Khan _916340 |
||
| 942 |
_2ddc _cTHE |
||